Encyclopedia of statistical sciences / (Record no. 1284)
[ view plain ]
| 000 -LEADER | |
|---|---|
| fixed length control field | 01484nam a22002777a 4500 |
| 005 - DATE AND TIME OF LATEST TRANSACTION | |
| control field | 20240606140857.0 |
| 008 - FIXED-LENGTH DATA ELEMENTS--GENERAL INFORMATION | |
| fixed length control field | 240606b |||||||| |||| 00| 0 eng d |
| 020 ## - INTERNATIONAL STANDARD BOOK NUMBER | |
| International Standard Book Number | 0471854743 (v. 9) |
| 040 ## - CATALOGING SOURCE | |
| Original cataloging agency | DLC |
| Transcribing agency | KMU |
| Modifying agency | KMU |
| 050 00 - LIBRARY OF CONGRESS CALL NUMBER | |
| Classification number | GEN REF QA276.14 Enc |
| 245 00 - TITLE STATEMENT | |
| Title | Encyclopedia of statistical sciences / |
| Statement of responsibility, etc. | editors-in-chief, Samuel Kotz, Norman L. Johnson ; associate editor, Campbell B. Read. |
| 260 ## - PUBLICATION, DISTRIBUTION, ETC. | |
| Place of publication, distribution, etc. | New York : |
| Name of publisher, distributor, etc. | Wiley, |
| Date of publication, distribution, etc. | c1982-<c1989 > |
| 300 ## - PHYSICAL DESCRIPTION | |
| Extent | x, 762 pages : |
| Other physical details | ill. ; |
| Dimensions | 27 cm. + |
| Accompanying material | supplement |
| 500 ## - GENERAL NOTE | |
| General note | Set includes one supplement volume. |
| 500 ## - GENERAL NOTE | |
| General note | "A Wiley-Interscience publication." |
| 504 ## - BIBLIOGRAPHY, ETC. NOTE | |
| Bibliography, etc. note | Includes bibliographical references and index. |
| 505 1# - FORMATTED CONTENTS NOTE | |
| Formatted contents note | v. 1. A to Circular probable error -- v. 2. Classification to Eye estimate -- v. 3. FaĆ di Bruno's formula to Hypothesis testing -- v. 4. Icing the tails to Limit theorems -- v. 5. Lindeberg condition to multitrait-multimethod matrices -- v. 6. Multivariate analysis to Plackett and Burman designs -- v. 7. Plackett family of distributions to Regression, Wrong -- v. 9. Strata chart to Zyskind-Martin models, Cumulative index, volumes 1-9 and supplement volume. |
| 650 #0 - SUBJECT ADDED ENTRY--TOPICAL TERM | |
| Topical term or geographic name entry element | Mathematical statistics |
| General subdivision | Encyclopedias. |
| 650 #0 - SUBJECT ADDED ENTRY--TOPICAL TERM | |
| Topical term or geographic name entry element | Statistics |
| General subdivision | Encyclopedias. |
| 700 1# - ADDED ENTRY--PERSONAL NAME | |
| Personal name | Kotz, Samuel. |
| 700 1# - ADDED ENTRY--PERSONAL NAME | |
| Personal name | Johnson, Norman Lloyd. |
| 700 1# - ADDED ENTRY--PERSONAL NAME | |
| Personal name | Read, Campbell B. |
| 906 ## - LOCAL DATA ELEMENT F, LDF (RLIN) | |
| a | 7 |
| b | cbc |
| c | orignew |
| d | 1 |
| e | ocip |
| f | 19 |
| g | y-gencatlg |
| 942 ## - ADDED ENTRY ELEMENTS (KOHA) | |
| Source of classification or shelving scheme | Library of Congress Classification |
| Koha item type | Reference |
| Suppress in OPAC | No |
| Withdrawn status | Lost status | Source of classification or shelving scheme | Damaged status | Not for loan | Collection | Home library | Current library | Shelving location | Date acquired | Source of acquisition | Total Checkouts | Full call number | Barcode | Date last seen | Price effective from | Koha item type |
|---|---|---|---|---|---|---|---|---|---|---|---|---|---|---|---|---|
| Library of Congress Classification | Reference | Kapasa Makasa University | Kapasa Makasa University | Reference | 06.06.2024 | DOC MWALE | GEN. REF QA 276.14 Enc | 300115 | 06.06.2024 | 06.06.2024 | Reference |